000 01791nam2a2200229 4500
001 rc\2931455
005 20260315055200.0
035 _a(NLR Aleph) 007080843
090 _a13597288
_c13597288
100 _a20110819d1940 u y0rusy50 ca
101 0 _arus
102 _aRU
105 _ay z |||||
200 1 _aСборник работ по технологии рыбных продуктов
210 _aСталинград
_cОбл. книгоизд-во
_d1940
300 _aЗагл.: Труды Астраханского отделения рыбообработки Всесоюзного научно-исследовательского института морского рыбного хозяйства и океанографии
461 0 _1001rc\2931449
_12001#$aИзвестия Астраханского отделения Научно-исследовательского института рыбной промышленности$fПод ред.: дир. Ин-та М.В. Пашенцева и зам. дир. по науч. части Подсевалова$vВып. 7
_96475412
_aВсесоюзный научно-исследовательский институт морского рыбного хозяйства и океанографии. Астраханское отделение
_cАстрахань
_d1934
_fПод ред.: дир. Ин-та М.В. Пашенцева и зам. дир. по науч. части Подсевалова
_nБ. и.
_tИзвестия Астраханского отделения Научно-исследовательского института рыбной промышленности
_vВып. 7
801 0 _aRU
_bNLR
_gpsbo
801 1 _aRU
_bELAR
_2rusmarc
852 _aNLR
_j34-18/918
942 _cUNSPEC
980 _aNB